Open Data Biblioteca Nacional de Portugal


República Portuguesa: Ministério da Cultura
Biblioteca Nacional de Portugal

Catálogo da BNP: acesso por Identificadores Unívocos
Registos Bibliográficos associados ao registo de autoridade

Etiqueta de registo: 00254nam 2200025 450
001 2284510
003 http://id.bnportugal.gov.pt/bib/catbnp/2284510
100 ## $a20260415d2025 k y0pory01030103ba
101 0# $aeng$dpor
102 ## $aPT
105 ## $aa m 000yy
106 ## $ar
200 1# $aEnvironmental DNA (eDNA) optimization and application to assist fisheries resources management and genetic population structure study of the Iberian Sardina pilchardus$fMarco Aurélio Dias Simões$gsupervisor Agostinho Antunes, Maria Jorge Geraldes Campos
210 #9 $aPorto$c[s.n.],$d2025
215 ## $aXXIII, 205 p.$cil.$d30 cm
300 ## $aAcesso não autorizado pelo período de 10 anos
328 #1 $aTese dout. Biology, Faculdade de Ciências, Universidade do Porto, 2025
675 ## $a597.54(043)$vBN$zpor$31275188
675 ## $a574.58(043)$vBN$zpor$3326169
675 ## $a575(043)$vBN$zpor$3337090
700 #1 $aSimões,$bMarco Aurélio Dias$31995865
702 #1 $aAntunes,$bAgostinho$4727$31051852
702 #1 $aCampos,$bMaria Jorge Geraldes$4727$31575874
801 #0 $aPT$bBN$gRPC
966 ## $lBN$mFGMON$sS.A. 193948 V.$x1
971 ## $cssilva$d20260415
972 ## $e0$z0$d20260526$vlrevez
973 ## $ctrodrigues$d20260521

OpendataBNP@bnportugal.pt | Mais informação sobre acesso aos dados BNP